00710 2200205 4500001002100000005001700021008004100038035002500079040001200104082001100116090002000127100001800147245014600165260006900311300004900380504002800429650001700457850001200474990001800486YOGYA-1212000000064520150417142029.0 ind  a0010-121200000000643 aYOPDYOG a297.74 aSk 297.74 Kho P aKHOIRUL AFNAN aPembinaan mental agama oleh Takmir masjid Mi rojul Muttaqinallah Jejeran Wonokromo Pleret Bantul terhadap masyarakat Jejeran /cKhoirul Afnan aYogyakartabFakultas Dakwah IAIN Sunan Kalijaga Yogyakartac2000 aviii, 92 (13) lbr. :bilus., lamp. ;c30 cm. aBibliografi : (lbr. 93) aDakwah Islam aYOPDYOG a42280-PD/A.12